Ovide, oeuvres complétes avec la traduction en français, publiées sous la direction de M. Nisard, professeur d'éloquence latine au Collége de France

Detalles Bibliográficos
Autor principal: Ovidio, Nasón Publio, 43-17 a. C.
Otros Autores: Nisard, Desiré, 1806-1888, ed
Formato: Libro
Lenguaje:French
Publicado: Paris : J.- J. Dubochet, le chevalier et comp., éditeurs, rue de Richelieu, N° 60 ; Garnier frères, libraires, Palais-National, 215, et rue Richelieu, 10, 1850.
Serie editorial:Collection des auteurs latins avec la traduction en français, publiés sous la direction de M. Nisard, professeur d'eloquence latine au Collége de France
Materias:
Colección:Banco de datos
Acervo:Universidad Autónoma Benito Juárez de Oaxaca. Biblioteca Francisco de Burgoa. Colección histórica
Descripción Física:III, XVI, 869 p., [1] h. ; 26 cm.
Tema general:Literatura latina
Notas:Portada tipográfica con viñeta. Texto a dos columnas con paginación en números arábigos y romanos, notas a pie de página, cornisas y signaturas. Propiedad intelectual: Paris. Typographie de Firmin Didot frères, rue Jacob, N° 56. Encuadernación en keratol con lomo en piel. Marca de fuego: Casa del Noviciado de la Compañía de Jesús de Oaxaca, Oax. Daños en la encuadernación, tapa superior desprendida
LEADER 01631nam a22002170004500
035 |a 2528 
041 0 |a fre 
100 1 |a Ovidio, Nasón Publio, 43-17 a. C. 
245 1 0 |a Ovide, oeuvres complétes avec la traduction en français, publiées sous la direction de M. Nisard, professeur d'éloquence latine au Collége de France 
260 |a Paris : J.- J. Dubochet, le chevalier et comp., éditeurs, rue de Richelieu, N° 60 ; Garnier frères, libraires, Palais-National, 215, et rue Richelieu, 10, 1850. 
300 |a III, XVI, 869 p., [1] h. ; 26 cm. 
440 0 |a Collection des auteurs latins avec la traduction en français, publiés sous la direction de M. Nisard, professeur d'eloquence latine au Collége de France 
500 |a Portada tipográfica con viñeta. Texto a dos columnas con paginación en números arábigos y romanos, notas a pie de página, cornisas y signaturas. Propiedad intelectual: Paris. Typographie de Firmin Didot frères, rue Jacob, N° 56. Encuadernación en keratol con lomo en piel. Marca de fuego: Casa del Noviciado de la Compañía de Jesús de Oaxaca, Oax. Daños en la encuadernación, tapa superior desprendida 
504 |a Al principio de la obra está el índice de materias 
600 1 4 |a Ovidio, Nasón Publio, 43-17 a. C.-Obras 
650 1 0 |a Literatura latina 
700 1 |a Nisard, Desiré, 1806-1888, ed. 
852 |a Universidad Autónoma "Benito Juárez" de Oaxaca, Biblioteca Francisco de Burgoa, Colección histórica 15816 
942 |c BURHIS 
943 |g Universidad Autónoma Benito Juárez de Oaxaca. Biblioteca Francisco de Burgoa. Colección histórica 
999 |c 1121279  |d 1121279